1407 1254 1244 1530 1190 1170 1348 1063 1598 1313 1920 1994 1190 1029 1596 1489 1571 1414 1724 1272 1890 1922 1039 1241 1200 1642 1176 1121 1202 1098 1476 1801 1331 1863 1160 1970 1576 1287 1877 1252 1083 1196 1530 1627 1468 1531 1313 1992 1546 1700 1988 1756 1561 1179 1572 1513 1326 1915 1027 1588 1267 1439 1450 1225 1284 1703 1594 1836 1501 1591 1447 1728 1815 1628 1184 1337 1336 1032 1207 1782 1182 1764 1943 1931 1615 1516 1627 1834 1887 1283 1679 1522 1397 1801 1813 1095 1066 1771 1458 BCNSPRNW ULIB Ver.6.0+V

เปลี่ยนเป็นภาษาไทย

Change to English
 แสดงรายละเอียดบรรณานุกรม
  กลับหน้าหลัก

Brief Record : Get Marc (ISO 2709) : E-mail record : QR code < ปิดหน้าต่าง
LEADER : 00000nam 2200000uu 4500
001    13399125964
003     ULIB
008    171124s2559||||th 000 0 tha d
060  0 ^aวจH62^bส691ร
110 1  ^aสำนักงานคณะกรรมการวิจัยแห่งชาติ(วช.)
245 10 ^aรายงานการสำรวจค่าใช้จ่ายและบุคลากรทางการวิจัยและพัฒน่าของประเทศไทยประจำปี 2559 /^cสำนักงานคณะกรรมการวิจัยแห่งชาติ(วช.)
260    ^aกรุงเทพฯ:^bสำนักงานคณะกรรมการวิจัยแห่งชาติ(วช.),^c2559
300    ^a92 หน้า :^bตาราง ;^c30 ซม.
650  7 ^aวิจัย-ค่าใช้จ่าย
945    ^p0^l0^i003404
999    ^aประนอม เกษจรัล
รายการนี้ยังไม่มีแท็ก
คุณยังไม่ได้ล็อกอิน คุณสามารถมีกิจกรรมร่วมกับเว็บไซต์ได้ แต่ต้องล็อกอินก่อน ::
  ล็อกอิน

รายการสื่อสารสนเทศ

ลำดับที่ ประเภท เลขเรียก/บาร์โค้ด สถานที่ สถานะ
1. งานวิจัย
งานวิจัย
วจH62 ส691ร ฉ.1 
  Barcode: 003404
ห้องสมุดวิทยาเขตสวรรค์ประชารักษ์
►วิจัย
บนชั้น

BibComment


ยังไม่เคยถูกคอมเมนท์

คอมเมนท์ทรัพยากรรายการนี้
  คอมเมนท์: รายงานการสำรวจค่..


 Copyright 2026. Bcnsprnw @Library